| 000 | 00491nam a2200181Ia 4500 | ||
|---|---|---|---|
| 001 | 9881 | ||
| 003 | GE_BSU | ||
| 008 | 181216s||||||||xx |||||||||||||| ||und|| | ||
| 040 | _cGE_BSU | ||
| 245 | _aБанковские технологии № 03(218) 2014 | ||
| 245 | _cГл.ред.Ю.Н.Гордеев | ||
| 260 | _aМосква | ||
| 260 | _bфинанс Медиа | ||
| 260 | _c2014 | ||
| 300 | _a64стр.30см. | ||
| 653 | _aБанковские технологии | ||
| 942 | _cCR | ||
| 999 |
_c43160 _d43160 |
||